All or nothing
Η αγάπη της Πένυ, για τον σύντροφό της Φιλ, έχει πια στρέψει... Εκείνος είναι ένας συμπαθής φιλοσοφημένος ταξιτζής, εκείνη χτυπά τα ψώνια των άλλων στο ταμείο ενός σούπερ-μάρκετ. Η κόρης τους, Ρέιτσελ, καθαρίζει μια κλινική για ηλικιωμένους, ενώ ο μικρότερος γιός τους Ρόρι, είναι άνεργος και επιθετι...
Αποθηκεύτηκε σε:
| Άλλοι συγγραφείς: | , , , , , , , , , |
|---|---|
| Μορφή: | |
| Γλώσσα: | English Greek |
| Δημοσίευση: |
[S.l.] :
Audio Visual Enterprises,
c2003.
|
| Θέματα: | |
| Ετικέτες: |
Προσθήκη ετικέτας
Δεν υπάρχουν, Καταχωρήστε ετικέτα πρώτοι!
|
MARC
| LEADER | 00000cgm a2200000 i 4500 | ||
|---|---|---|---|
| 001 | 1/1905 | ||
| 008 | 091008s2003 xx ||| | || ||eng|| | ||
| 035 | |l 10105779 | ||
| 040 | |a GR-MyUa |b gre |e AACR2 | ||
| 041 | 0 | |a eng |j gre | |
| 082 | 7 | |a 791.437 |2 (22) | |
| 245 | 0 | 0 | |a All or nothing |h [μαγνητοσκόπηση] / |c written and directed by Mike Leigh. |
| 260 | |a [S.l.] : |b Audio Visual Enterprises, |c c2003. | ||
| 300 | |a 1 βιντεοδίσκος (123 λεπτ.) : |b ομίλ., έγχρ. ; |c 4 3/4 ίν. + |e 1 φυλλάδιο | ||
| 500 | |a Κυκλοφόρησε πρώτη φορά ως κινηματογραφική ταινία το 2002. | ||
| 508 | |a Εκτέλεση παραγωγής, Pierre Edelman ; μουσική, Andrew Dickson ; σχεδιασμός παραγωγής, Eve Stewart ; μοντάζ, Lesley Walker ; παραγωγή, Simon Channing Williams. | ||
| 511 | 0 | |a Timothy Spall, Lesley Manville, Alison Garland, James Corden, Auth Sheen, Marion Bailey, Pul Jesson, Sam Kelly, Kathryn Hunter. | |
| 520 | 8 | |a Η αγάπη της Πένυ, για τον σύντροφό της Φιλ, έχει πια στρέψει... Εκείνος είναι ένας συμπαθής φιλοσοφημένος ταξιτζής, εκείνη χτυπά τα ψώνια των άλλων στο ταμείο ενός σούπερ-μάρκετ. Η κόρης τους, Ρέιτσελ, καθαρίζει μια κλινική για ηλικιωμένους, ενώ ο μικρότερος γιός τους Ρόρι, είναι άνεργος και επιθετικός. Η ζωή τους μοιάζει να κυλά δίχως χαρά, αλλά μια ξαφνική δυστυχία θα τους κάνει να επανεκτιμήσουν όλα όσα θεωρούσαν δεδομένα και, κυρίως ο ένας τον άλλον. Ο Ρόρι θα αρρωστήσει σοβαρά και τότε, η οικογένεια του Φιλ και της Πένυ θα ανακαλύψει πως τα δεσμά της αγάπης που τους ενώνουν δεν έχουν σκουριάσει από το χρόνο. | |
| 546 | |a Στα αγγλικά με υπότιτλους στα ελληνικά. | ||
| 650 | 0 | |a Families |v Drama. | |
| 655 | 7 | |a Feature films |2 lcgft | |
| 700 | 1 | |a Leigh, Mike, |d 1943- |e aus |e drt | |
| 700 | 1 | |a Spall, Timothy, |d 1957- |e act | |
| 700 | 1 | |a Manville, Lesley, |e act | |
| 700 | 1 | |a Garland, Alison, |e act | |
| 700 | 1 | |a Corden, James, |e act | |
| 700 | 1 | |a Sheen, Ruth, |e act | |
| 700 | 1 | |a Bailey, Marion, |d 1951- |e act | |
| 700 | 1 | |a Jesson, Paul, |e act | |
| 700 | 1 | |a Kelly, Sam, |d 1943-2014, |e act | |
| 700 | 1 | |a Hunter, Kathryn, |d 1956- |e act | |
| 852 | |a INST |b SYROS |c AV |e 20091008 |h 791.437 LEI |p 005500008179 |q 005500008179 |t DVD |y 23 | ||
| 901 | |a BIBL5-2008-1 | ||
| 922 | |a 5ΕΛΗ |b 200810 |c Βιβλιοθήκη Σύρου |d DVD Club Enter | ||
| 970 | |a Κοντού |b Παρασκευή |z 08/10/2009 | ||